书目信息 |
| 题名: |
看图科学治鱼病
|
|
| 作者: | 杨秀兰 | |
| 分册: | ||
| 出版信息: | 山东科学技术出版社 1996.10 |
|
| 页数: | 75页 | |
| 开本: | 19cm | |
| 丛书名: | ||
| 单 册: | ||
| 中图分类: | S943-64 | |
| 科图分类: | ||
| 主题词: | 渔业--资源保护 , 水产--保护学 | |
| 电子资源: | ||
| ISBN: | 7-5331-1890-1 | |
| 000 | 00555nam0 2200205 45 | |
| 001 | 0308271056 | |
| 005 | 20030827105654.6 | |
| 010 | @a7-5331-1890-1@dRMB3.30 | |
| 100 | @a20030827d1996 km y0chiy0120 ea | |
| 101 | @achi | |
| 105 | @a z 000yy | |
| 200 | 1 | @a看图科学治鱼病@Akan tu ke xue zhi yu bing@f杨秀兰@Fyang xiu lan |
| 210 | @c山东科学技术出版社@d1996.10 | |
| 215 | @a75页@c无图表@d19cm | |
| 606 | 0 | @a渔业@x资源保护 |
| 606 | 0 | @a水产@x保护学 |
| 690 | @aS943-64@v3 | |
| 701 | 0 | @a杨秀兰 |
| 801 | @aCN@b@c20030827 | |
| 905 | @aBZT@dS943-64@e14 | |
| 看图科学治鱼病/杨秀兰.-山东科学技术出版社,1996.10 |
| 75页:无图表;19cm |
| ISBN 7-5331-1890-1:RMB3.30 |
| ● |
| 相关链接 |
|
|
|
正题名:看图科学治鱼病
索取号:S943-64/14
 
预约/预借
| 序号 | 登录号 | 条形码 | 馆藏地/架位号 | 状态 | 备注 |
| 1 | 82950 | 200306187 | 中心书库中库/ 中库031架A面6列7层12/ [索取号:S943-64/14] | 在馆 | |
| 2 | 82953 | 200296492 | 中心书库中库/ 中库031架A面6列7层9/ [索取号:S943-64/14] | 在馆 | |
| 3 | 82954 | 200296438 | 中心书库中库/ 中库031架A面6列7层8/ [索取号:S943-64/14] | 在馆 | |
| 4 | 82955 | 200296429 | 中心书库中库/ 中库031架A面6列7层7/ [索取号:S943-64/14] | 在馆 | |
| 5 | 82956 | 200296410 | 中心书库中库/ 中库031架A面6列7层6/ [索取号:S943-64/14] | 在馆 | |
| 6 | 82957 | 200306203 | 中心书库中库/ 中库031架A面6列7层11/ [索取号:S943-64/14] | 在馆 | |
| 7 | 82958 | 200306141 | 中心书库中库/ 中库031架A面6列7层14/ [索取号:S943-64/14] | 在馆 | |
| 8 | 82959 | 200306169 | 中心书库中库/ 中库031架A面6列7层13/ [索取号:S943-64/14] | 在馆 |